01102nam a2200265Ia 450000500170000000800410001702000150005804000180007304100080009106000110009910000230011024500860013326000490021930000490026850400650031765000510038265000560043365000640048965000690055365000490062265000540067165000170072570000260074271000680076820180313061223.0130821s2005 sp a gr spa  a8497511166 aCo-BoUCMbspa00aspa00aWF 1451 aGüell Rous, Rosa10aTratado de rehabilitación respiratoriacRosa Güell Rous, Pilar de Lucas Ramos aBarcelona (España)bGrupo Ars Medicac2005 axv, 360 páginasbilustraciones, gráficas aIncluye índice de capítulos y alfabético por materias.04aEnfermedades de los pulmonesxRehabilitación04aEnfermedades de los pulmonesxTratamiento y control04aEnfermedades obstructivas de los pulmonesxRehabilitación04aEnfermedades obstructivas de los pulmonesxTratamiento y control04aEnfermedades respiratoriasxRehabilitación04aEnfermedades respiratoriasxTratamiento y control04aNeumología1 aDe Lucas Ramos, Pilar2 aSociedad Española de Neumología y Cirugía Toracica. SEPAR